000 00205 a2200097 4500
001 4497
100 _aSmith,S.P
245 _aProblems in electrical engg
260 _a
_bConstable
_c
090 _c3695
_d3695
942 _aNUST-CAE
_cM
_c29928
999 _c239570
_d239570